000 00744cab a2200229 4500
001 ABS57066
008 090401t1997 xxu||||| |||| 00| 0 eng d
035 _a(Sirsi) u98519
041 _aeng
100 _aClark, S.
245 _aEvolution or stagnation
260 _c1997
350 _a0
490 _aConstruction Manager
_v3(5) June 1997, 12-13(2)
520 _aLooks at a report produced by the University of Reading Design and Build Forum, on the future of design and build. Considers problems which could hinder the design and build process.
650 _aDESIGN AND BUILD
650 _aFUTURE
650 _aUNIVERSITY OF READING
690 _aBUILT ENVIRONMENT-BUILDING CONTRACT FORMS
942 _n0
948 _c19/06/1997
999 _c59900
_d59900